[Event "Gothenburg Kvibergspelen"]
[Site "Gothenburg"]
[Date "2018.04.20"]
[Round "1"]
[White "Fang, Andy"]
[Black "Arman, Deniz"]
[Result "1-0"]
[WhiteElo "1913"]
[BlackElo "2359"]
[PlyCount "113"]
[EventDate "2018.04.20"]
[EventType "swiss"]
[EventRounds "8"]
[EventCountry "SWE"]
[SourceTitle "CBM 184 Extra"]
[Source "ChessBase"]
[SourceDate "2018.06.28"]
[SourceVersion "1"]
[SourceVersionDate "2018.06.28"]
[SourceQuality "1"]

1. c4 Nf6 2. g3 e5 3. Bg2 c6 4. d4 d6 5. Nc3 Nbd7 6. e3 Be7 7. Nge2 0-0 8. 0-0 a6 9. b3 Re8 10. Bb2 Bf8 11. Qc2 Qc7 12. Rad1 b6 13. dxe5 dxe5 14. Ne4 Bb7 15. N2c3 h6 16. a3 b5 17. c5 Rad8 18. b4 a5 19. Nd6 Bxd6 20. Rxd6 axb4 21. axb4 Nf8 22. Rfd1 Ra8 23. Qf5 Re6 24. Ne4 Nd5 25. Rxe6 Nxe6 26. Bxe5 Qe7 27. Nd6 g6 28. Qg4 h5 29. Qe4 Ra4 30. Bd4 Rxb4 31. Nxb7 Qxb7 32. Qe5 Nxd4 33. Bxd5 Ne2+ 34. Kf1 cxd5 35. Kxe2 d4 36. Rxd4 Rb2+ 37. Rd2 Rxd2+ 38. Kxd2 b4 39. Qe8+ Kh7 40. c6 Qa7 41. Qd7 Qa2+ 42. Kd3 Qb3+ 43. Kd4 Qc3+ 44. Kd5 Qd2+ 45. Kc5 Qxf2 46. c7 Qxe3+ 47. Kc6 Qe4+ 48. Kb6 Qe3+ 49. Kb7 Qf3+ 50. Kb8 b3 51. c8Q b2 52. Qcb7 b1Q 53. Qxb1 Qf2 54. Qbb7 Kg7 55. Qdc7 Qf5 56. Qb2+ Kh7 57. Qce5 1-0

[Event "Nordic-ch U17"]
[Site "Drammen"]
[Date "2017.02.19"]
[Round "6"]
[White "Birkisson, Bardur Orn"]
[Black "Fang, Andy"]
[Result "1-0"]
[WhiteElo "2175"]
[BlackElo "1846"]
[PlyCount "79"]
[EventDate "2017.02.17"]
[EventType "swiss"]
[EventRounds "6"]
[EventCountry "NOR"]
[SourceTitle "CBM 177 Extra"]
[Source "ChessBase"]
[SourceDate "2017.04.27"]
[SourceVersion "1"]
[SourceVersionDate "2017.04.27"]
[SourceQuality "1"]

1. d4 d5 2. Bf4 Nf6 3. e3 c5 4. c3 Nc6 5. Nd2 Bf5 6. Ngf3 Qb6 7. Qc1 e6 8. Nh4 Bg6 9. Nxg6 hxg6 10. h3 Qd8 11. Bb5 Bd6 12. dxc5 Bxc5 13. 0-0 0-0 14. c4 a6 15. Bxc6 bxc6 16. cxd5 Nxd5 17. Qxc5 Nxf4 18. Rfd1 Nd3 19. Qc3 Ra7 20. Nb3 Rd7 21. Rd2 e5 22. Qxc6 Rd6 23. Qc4 Qd7 24. Rad1 Rc8 25. Qh4 g5 26. Qg4 f5 27. Qxg5 Rcc6 28. Na5 Rg6 29. Rxd3 Qxd3 30. Qd8+ Qxd8 31. Rxd8+ Kf7 32. Nxc6 Rxc6 33. Rd2 Kf6 34. f3 g5 35. Kf2 g4 36. hxg4 fxg4 37. fxg4 Kg5 38. Kf3 Rc4 39. b3 Rxg4 40. Rd5 1-0

[Event "Pardubice op rap 26th"]
[Site "Pardubice"]
[Date "2015.07.23"]
[Round "6"]
[White "Bilguun, Sumiya"]
[Black "Fang, Andy"]
[Result "1-0"]
[WhiteElo "2361"]
[BlackElo "1798"]
[PlyCount "41"]
[EventDate "2015.07.22"]
[EventType "swiss (rapid)"]
[EventRounds "9"]
[EventCountry "CZE"]
[SourceTitle "CBM 167 Extra"]
[Source "ChessBase"]
[SourceDate "2015.09.14"]
[SourceVersion "1"]
[SourceVersionDate "2015.09.14"]
[SourceQuality "1"]

1. e4 d6 2. d4 Nf6 3. Nc3 g6 4. Nf3 Bg7 5. Be3 a6 6. Bd3 0-0 7. h3 b5 8. a4 b4 9. Ne2 a5 10. 0-0 Bb7 11. Ng3 Nbd7 12. Qd2 Rc8 13. Bh6 c5 14. c3 cxd4 15. cxd4 e5 16. Bxg7 Kxg7 17. Qg5 h6 18. Nf5+ Kg8 19. Nxh6+ Kg7 20. Nf5+ Kg8 21. Nxd6 1-0

[Event "Pardubice op rap 26th"]
[Site "Pardubice"]
[Date "2015.07.23"]
[Round "5"]
[White "Shilov, Sergej"]
[Black "Fang, Andy"]
[Result "1-0"]
[WhiteElo "2201"]
[BlackElo "1798"]
[PlyCount "43"]
[EventDate "2015.07.22"]
[EventType "swiss (rapid)"]
[EventRounds "9"]
[EventCountry "CZE"]
[SourceTitle "CBM 167 Extra"]
[Source "ChessBase"]
[SourceDate "2015.09.14"]
[SourceVersion "1"]
[SourceVersionDate "2015.09.14"]
[SourceQuality "1"]

1. e4 d6 2. d4 Nf6 3. Nc3 g6 4. f4 Bg7 5. e5 Nfd7 6. Nf3 Nb6 7. Be3 0-0 8. Qd2 Bg4 9. Qf2 e6 10. 0-0-0 N8d7 11. h3 Bxf3 12. Qxf3 d5 13. h4 Rc8 14. h5 c5 15. hxg6 fxg6 16. Qh3 Kf7 17. Nb5 Rc6 18. dxc5 Nxc5 19. Bxc5 Rxc5 20. Nd6+ Ke7 21. Qxh7 Rg8 22. Nxb7 1-0